Takmer polovica celkového počtu podnikov bola minulý rok zisková

Bibliographic Details
Main Authors: Chrastinová, Zuzana (Author), Ševčíková, Mária (Author)
Format: Article
Language:Slovak
PhysicalDescription:Tab.
Subjects:

MARC

LEADER 00000nab a2200000 a 4500
001 vtls000754382
003 SK-MaSNL
005 20260302192053.0
008 180206c2001 xo 0 slo
015 |a SNBRB2001/04-12970 
035 |a CLN000106169 
040 |a SNKBUCL  |b slo  |c SNKBUCL  |e AACR2 
041 0 |a slo 
044 |a xo  |c SK 
080 |a 631.16(437.6)  |2 UDC-MRF-SK2 
100 1 |a Chrastinová, Zuzana  |4 aut  |9 8799 
245 1 0 |a Takmer polovica celkového počtu podnikov bola minulý rok zisková  |c Zuzana Chrastinová, Mária Ševčíková 
300 |b Tab. 
650 0 7 |a podniky poľnohospodárske  |x hospodárenie  |z Slovensko  |y 2000  |2 snkbucl  |9 908663 
655 7 |a články z novín a časopisov  |2 snkbucl  |9 267496 
700 1 |a Ševčíková, Mária  |4 aut  |9 330461 
773 0 |t Roľnícke noviny  |g Č. 48 (8.3.2001) 
773 0 |t [Príl.] Agrárne ozveny  |g S. 1 a 6 
850 |a Slovenská národná knižnica v Martine 
852 |a SNK  |b KIS3GCP 
958 |a RBX 
999 |c 1439374  |d 1441304